书目信息 |
| 书名: | the Humanistic Tradition | |
| 作者: | Gloria K. Fiero. | |
| 分册号: | ||
| 分册名: | 出版地: | Madison : |
|
| 出版社: | Brown and Benchmark | |
| 出版时间: | 1995. | |
| 页数: | 160 p. ; | |
| 开本: | 29cm. | |
| 丛书名: | ||
| 中图分类号: | ||
| 科图分类号: | ||
| 其他分类号: | K103 | |
| 主题词: | ||
| 电子资源: | ||
| 000 | 00500nam 2200157 a 4500 | |
| 001 | E0254866997 | |
| 005 | 2002010915142700 | |
| 008 | 020109s1995 00010 eng | |
| 020 | @a0-697-24217-X. | |
| 040 | @aPFT@beng | |
| 090 | @aK103 | |
| 099 | @dK103@eF465.1 | |
| 245 | 1 | @athe Humanistic Tradition :@bOrigins of the Humanistic Tradition: the First Civilizations and the Classical Legacy / @cGloria K. Fiero. |
| 250 | @a2nd.ed. | |
| 260 | @aMadison :@bBrown and Benchmark,@c1995. | |
| 300 | @a160 p. ;@c29cm. | |
| the Humanistic Tradition : : Origins of the Humanistic Tradition: the First Civilizations and the Classical Legacy / / Gloria K. Fiero.-2nd.ed.-Madison : : Brown and Benchmark, , 1995. |
| 160 p. ; ; 29cm. |
| ISBN 0-697-24217-X. |
| ● |
| 相关链接 |
|
|
|
正题名:the Humanistic Tradition
索取号:K103/F465.1
 
预约/预借
| 序号 | 登录号 | 条形码 | 馆藏地/架位号 | 状态 | 备注 |
| 1 | 01286 | 300012867 | 社科库309/309社科库 994排2列3层/ [索取号:K103/F465.1] | 在馆 |